Las fronteras de la justicia: consideraciones sobre la exclusión
محفوظ في:
| المؤلف الرئيسي: | |
|---|---|
| التنسيق: | كتاب |
| اللغة: | الإسبانية |
| منشور في: |
Barcelona
Paidós
2007
|
| سلاسل: | Paidós Estado y Sociedad, 145
|
| الموضوعات: | |
| الوسوم: |
إضافة وسم
لا توجد وسوم, كن أول من يضع وسما على هذه التسجيلة!
|
MARC
| LEADER | 00000nam a2200000 a 4500 | ||
|---|---|---|---|
| 001 | UCI8166 | ||
| 003 | CL-VaPUC | ||
| 008 | 080807e20070000SP |||||||||||||||||spa|d | ||
| 020 | |a 9788449319624 | ||
| 082 | 0 | 4 | |a 303.372 |b NUS |2 21 |
| 100 | |a Nussbaum, Martha Craven |e autora |9 518695 | ||
| 245 | 1 | 4 | |a Las fronteras de la justicia: consideraciones sobre la exclusión |
| 300 | |a 447 p | ||
| 942 | |c BK | ||
| 945 | |d 20080807 00:00:00 |a jtorresc | ||
| 260 | |a Barcelona |b Paidós |c 2007 | ||
| 650 | 0 | |a Justicia social |9 314874 | |
| 650 | 0 | |a Derechos civiles |9 255655 | |
| 650 | 7 | |a TEORIA POLITICA |2 CL-VaPUC |9 531635 | |
| 583 | |a last modification |c 20080807 00:00:00 |k Rodrigo Vera | ||
| 490 | 0 | |a Paidós Estado y Sociedad, 145 | |
| 999 | |c 331188 |d 331186 | ||
| 952 | |0 0 |1 0 |4 0 |6 303_372000000000000_NUS_2007 |7 0 |8 A |9 417409 |a BIBDER |b BIBDER |d 2019-11-22 |i 4471253 |l 1 |m 3 |o 303.372 NUS 2007 |p 4471253 |r 2023-12-04 |s 2023-04-05 |w 2019-11-22 |y BK |k DER | ||